[Event "Ruhrgebiet Verbandsliga Gruppe 1 1819"]
[Site "Nordrheinwestfalen"]
[Date "2019.03.10"]
[Round "7.6"]
[White "Sicars, Thorsten"]
[Black "Klaus, Michael"]
[Result "1-0"]
[WhiteElo "2012"]
[BlackElo "1959"]
[PlyCount "79"]
[EventDate "2018.09.23"]
[EventType "team-tourn"]
[EventRounds "9"]
[EventCountry "GER"]
[SourceTitle "EXT 2022"]
[Source "ChessBase"]
[SourceDate "2021.10.06"]
[SourceVersion "1"]
[SourceVersionDate "2021.10.06"]
[SourceQuality "1"]
[WhiteTeam "Holsterhausen SK"]
[BlackTeam "Hamm Koenigsspringer"]
[WhiteTeamCountry "GER"]
[BlackTeamCountry "GER"]

1. d4 d5 2. Bf4 Nf6 3. e3 e6 4. Nf3 c5 5. c3 Nc6 6. Nbd2 cxd4 7. exd4 Bd6 8. Bg3 0-0 9. Bd3 h6 10. 0-0 Re8 11. Re1 Nh5 12. Bxd6 Qxd6 13. Ne5 Nf4 14. Qf3 f6 15. Qxf4 fxe5 16. dxe5 Qc7 17. Qg4 Ne7 18. Nf3 Rf8 19. Rad1 Bd7 20. Nd4 Qb6 21. Rd2 Rf7 22. Qh5 Raf8 23. Re3 Be8 24. Qh3 Bd7 25. Rde2 a6 26. Rg3 Kh8 27. Qh5 Be8 28. Qg4 Bd7 29. Nf3 Bb5 30. Bxb5 Qxb5 31. Nd4 Qa4 32. b3 Qa3 33. h3 Nf5 34. Nxf5 exf5 35. Qd4 f4 36. Rf3 Qa5 37. e6 Re7 38. Rxf4 Rfe8 39. Rf7 Rxf7 40. exf7 1-0

[Event "Ruhrgebiet Verbandsliga Gruppe 1 1516"]
[Site "Germany"]
[Date "2016.04.24"]
[Round "9.6"]
[White "Dawid, Adalbert"]
[Black "Klaus, Michael"]
[Result "1/2-1/2"]
[WhiteElo "1837"]
[BlackElo "1856"]
[PlyCount "68"]
[EventDate "2015.09.06"]
[EventType "team-tourn"]
[EventRounds "9"]
[EventCountry "GER"]
[SourceTitle "EXT 2022"]
[Source "ChessBase"]
[SourceDate "2021.10.06"]
[SourceVersion "1"]
[SourceVersionDate "2021.10.06"]
[SourceQuality "1"]
[WhiteTeam "Dortmund Hansa III"]
[BlackTeam "Hamm Koenigsspringer"]
[WhiteTeamCountry "GER"]
[BlackTeamCountry "GER"]

1. d4 e6 2. g3 d5 3. Bg2 Nf6 4. Nf3 c5 5. 0-0 Nc6 6. b3 cxd4 7. Nxd4 Be7 8. Bb2 0-0 9. Nd2 Nxd4 10. Bxd4 Qd6 11. Nf3 Nd7 12. e3 b6 13. Qe2 a5 14. Rfd1 Ba6 15. c4 Qb4 16. Qb2 Nf6 17. cxd5 exd5 18. Rac1 Rac8 19. Bh3 Rxc1 20. Rxc1 Rd8 21. Ne5 Bb7 22. Rc7 Ba8 23. Nd3 Qd6 24. Be5 Qa3 25. Qc2 Ne8 26. Rc8 Bb7 27. Rxd8 Bxd8 28. Bd7 Qe7 29. Bc6 Bxc6 30. Qxc6 Qe6 31. Qc3 Qd7 32. Nf4 Bf6 33. Bxf6 Nxf6 34. Qe5 Qd8 1/2-1/2

[Event "Ruhrgebiet Verbandsliga Gruppe 1 1516"]
[Site "Germany"]
[Date "2016.03.20"]
[Round "8.7"]
[White "Huettemann, Karl Heinz"]
[Black "Klaus, Michael"]
[Result "1-0"]
[WhiteElo "2062"]
[BlackElo "1856"]
[PlyCount "113"]
[EventDate "2015.09.06"]
[EventType "team-tourn"]
[EventRounds "9"]
[EventCountry "GER"]
[SourceTitle "EXT 2022"]
[Source "ChessBase"]
[SourceDate "2021.10.06"]
[SourceVersion "1"]
[SourceVersionDate "2021.10.06"]
[SourceQuality "1"]
[WhiteTeam "Dortmund SV"]
[BlackTeam "Hamm Koenigsspringer"]
[WhiteTeamCountry "GER"]
[BlackTeamCountry "GER"]

1. c4 e6 2. Nf3 Nf6 3. Nc3 d5 4. d4 c6 5. e3 Bb4 6. Bd2 Nbd7 7. Bd3 h6 8. 0-0 0-0 9. Nxd5 Nxd5 10. cxd5 Bxd2 11. dxc6 Ba5 12. cxd7 Qxd7 13. Ne5 Qe7 14. Rc1 Bc7 15. f4 Rd8 16. Bb1 Bxe5 17. fxe5 Bd7 18. Be4 Bb5 19. Rf2 Rac8 20. Rfc2 Rxc2 21. Qxc2 b6 22. Qc7 Qg5 23. Qc3 g6 24. Qe1 Kg7 25. Rc7 Rd7 26. Rxd7 Bxd7 27. h3 Bb5 28. b3 Bd7 29. Kh2 h5 30. Qg3 Qe7 31. h4 Bb5 32. Qg5 Qxg5 33. hxg5 Kf8 34. Kg3 Ke7 35. Kf2 Kd7 36. g3 Ba6 37. Ke1 Bc8 38. Kd2 Kc7 39. Kc3 Bd7 40. Bf3 Bc8 41. e4 Bd7 42. d5 b5 43. Kd4 Kb6 44. b4 Bc8 45. Ke3 Bd7 46. Kf4 Kc7 47. Ke3 Kb6 48. Kd4 Bc8 49. Bd1 Bd7 50. Bb3 a6 51. a3 Bc8 52. a4 Bd7 53. a5+ Kc7 54. Kc5 Bc8 55. d6+ Kb7 56. d7 Bxd7 57. Kd6 1-0

[Event "Ruhrgebiet Verbandsliga Gruppe 1 1516"]
[Site "Germany"]
[Date "2016.01.24"]
[Round "6.7"]
[White "Funke, Eckhard"]
[Black "Klaus, Michael"]
[Result "0-1"]
[WhiteElo "1781"]
[BlackElo "1856"]
[PlyCount "54"]
[EventDate "2015.09.06"]
[EventType "team-tourn"]
[EventRounds "9"]
[EventCountry "GER"]
[SourceTitle "EXT 2022"]
[Source "ChessBase"]
[SourceDate "2021.10.06"]
[SourceVersion "1"]
[SourceVersionDate "2021.10.06"]
[SourceQuality "1"]
[WhiteTeam "Hoentrop SG"]
[BlackTeam "Hamm Koenigsspringer"]
[WhiteTeamCountry "GER"]
[BlackTeamCountry "GER"]

1. d4 d5 2. c4 c6 3. cxd5 cxd5 4. Nc3 Nf6 5. Nf3 Nc6 6. Bf4 a6 7. e3 e6 8. a3 Bd6 9. Bxd6 Qxd6 10. Bd3 Bd7 11. 0-0 0-0 12. h3 Rac8 13. Qe2 Na5 14. Ne5 g6 15. Rac1 b5 16. Nxd7 Qxd7 17. a4 Nb3 18. Rc2 b4 19. Nb1 Qxa4 20. Rxc8 Rxc8 21. Bxa6 Nc1 22. Qf3 Qxa6 23. Qxf6 Qd3 24. Nc3 bxc3 25. bxc3 Ne2+ 26. Kh2 Nxc3 27. Ra1 Qf5 0-1

[Event "Ruhrgebiet Verbandsliga Gruppe 1 1516"]
[Site "Germany"]
[Date "2015.11.29"]
[Round "4.7"]
[White "Klaus, Michael"]
[Black "Braun, Uwe"]
[Result "1-0"]
[WhiteElo "1856"]
[BlackElo "1798"]
[PlyCount "73"]
[EventDate "2015.09.06"]
[EventType "team-tourn"]
[EventRounds "9"]
[EventCountry "GER"]
[SourceTitle "EXT 2022"]
[Source "ChessBase"]
[SourceDate "2021.10.06"]
[SourceVersion "1"]
[SourceVersionDate "2021.10.06"]
[SourceQuality "1"]
[WhiteTeam "Hamm Koenigsspringer"]
[BlackTeam "Bottrop SV"]
[WhiteTeamCountry "GER"]
[BlackTeamCountry "GER"]

1. c4 g6 2. Nc3 Bg7 3. d4 c5 4. e3 cxd4 5. exd4 d6 6. Nf3 Nc6 7. Be2 Bg4 8. Be3 Nf6 9. h3 Bxf3 10. Bxf3 0-0 11. 0-0 a6 12. Qa4 Qc7 13. Rac1 Rfe8 14. Nd5 Qd8 15. Nxf6+ Bxf6 16. Bxc6 bxc6 17. Qxc6 Qa5 18. a3 Rec8 19. Qe4 Rab8 20. Rc2 Rb3 21. Rfc1 Qb6 22. c5 dxc5 23. dxc5 Qc6 24. Qxc6 Rxc6 25. Rb1 Kf8 26. g4 Ke8 27. Kg2 g5 28. Kf3 a5 29. Ke4 e6 30. Rc4 Rxb2 31. Rxb2 Bxb2 32. Ra4 Bc3 33. Kd3 Be1 34. Kc4 h6 35. Kb5 Kd7 36. Rc4 Kc7 37. Rc1 1-0

[Event "Ruhrgebiet Verbandsliga Gruppe 1 1516"]
[Site "Germany"]
[Date "2015.11.08"]
[Round "3.7"]
[White "Schmitz, Juergen"]
[Black "Klaus, Michael"]
[Result "0-1"]
[WhiteElo "1859"]
[BlackElo "1856"]
[PlyCount "60"]
[EventDate "2015.09.06"]
[EventType "team-tourn"]
[EventRounds "9"]
[EventCountry "GER"]
[SourceTitle "EXT 2022"]
[Source "ChessBase"]
[SourceDate "2021.10.06"]
[SourceVersion "1"]
[SourceVersionDate "2021.10.06"]
[SourceQuality "1"]
[WhiteTeam "Steele/Kray Rochade"]
[BlackTeam "Hamm Koenigsspringer"]
[WhiteTeamCountry "GER"]
[BlackTeamCountry "GER"]

1. e4 e6 2. d4 d5 3. e5 c5 4. c3 Nc6 5. Nf3 Bd7 6. Bd3 Qb6 7. 0-0 cxd4 8. cxd4 Nxd4 9. Nxd4 Qxd4 10. Nc3 Bb4 11. Rb1 Ne7 12. Qe2 Nc6 13. Re1 Rc8 14. a3 Be7 15. Nb5 Qb6 16. Be3 d4 17. Bf4 0-0 18. Nd6 Bxd6 19. exd6 Rce8 20. Qg4 f5 21. Qg3 Rf6 22. Bc4 Kh8 23. Be5 Rg6 24. Qb3 Nxe5 25. Rxe5 Qxd6 26. Rbe1 Bc6 27. g3 Be4 28. Qb5 Rc8 29. f4 a6 30. Qb3 d3 0-1

[Event "Ruhrgebiet Regionalliga 1415"]
[Site "Germany"]
[Date "2015.02.22"]
[Round "6.7"]
[White "Klaus, Michael"]
[Black "Niekrens, Stefan"]
[Result "0-1"]
[WhiteElo "1870"]
[BlackElo "1941"]
[PlyCount "70"]
[EventDate "2014.09.28"]
[EventType "team-tourn"]
[EventRounds "9"]
[EventCountry "GER"]
[SourceTitle "EXT 2022"]
[Source "ChessBase"]
[SourceDate "2021.10.06"]
[SourceVersion "1"]
[SourceVersionDate "2021.10.06"]
[SourceQuality "1"]
[WhiteTeam "Hamm Koenigsspringer"]
[BlackTeam "Bochum SV II"]
[WhiteTeamCountry "GER"]
[BlackTeamCountry "GER"]

1. d4 Nf6 2. Nf3 g6 3. c4 Bg7 4. Nc3 0-0 5. e4 c6 6. Bd3 d6 7. h3 e5 8. dxe5 dxe5 9. 0-0 Qc7 10. Qc2 Na6 11. a3 Nc5 12. Be2 Ne6 13. Be3 Nh5 14. Rad1 Nhf4 15. Kh2 Nxe2 16. Qxe2 Nd4 17. Qe1 Be6 18. Nd2 f5 19. f3 Qf7 20. Rc1 Bxc4 21. Nxc4 Qxc4 22. Nd5 Qe2 23. Nc7 Qxe1 24. Rfxe1 Rac8 25. Bxd4 exd4 26. Ne6 Be5+ 27. f4 Rfe8 28. exf5 Rxe6 29. Rxe5 Rxe5 30. fxe5 gxf5 31. Kg3 Kf7 32. Kf4 Ke6 33. Rc4 Rd8 34. Rc2 d3 35. Rd2 c5 0-1

[Event "Ruhrgebiet Regionalliga 1415"]
[Site "Germany"]
[Date "2014.11.23"]
[Round "3.7"]
[White "Friedrich, Patrick"]
[Black "Klaus, Michael"]
[Result "1-0"]
[WhiteElo "1929"]
[BlackElo "1870"]
[PlyCount "63"]
[EventDate "2014.09.28"]
[EventType "team-tourn"]
[EventRounds "9"]
[EventCountry "GER"]
[SourceTitle "EXT 2022"]
[Source "ChessBase"]
[SourceDate "2021.10.06"]
[SourceVersion "1"]
[SourceVersionDate "2021.10.06"]
[SourceQuality "1"]
[WhiteTeam "Borbeck Weisse Dame"]
[BlackTeam "Hamm Koenigsspringer"]
[WhiteTeamCountry "GER"]
[BlackTeamCountry "GER"]

1. d4 d5 2. Nf3 Nf6 3. c4 c6 4. Qc2 g6 5. Nc3 Bg7 6. g3 0-0 7. Bg2 Re8 8. 0-0 Nbd7 9. Rd1 Nb6 10. c5 Nbd7 11. Bf4 Nh5 12. b4 Nxf4 13. gxf4 Nf6 14. Ne5 Nh5 15. e3 f6 16. Nxg6 hxg6 17. Qxg6 Nxf4 18. exf4 Be6 19. Rd3 Bf7 20. Qg4 f5 21. Qxf5 e6 22. Qg4 Qf6 23. Rad1 Kh7 24. Rh3+ Bh6 25. Qg5 Qg6 26. Rdd3 Rg8 27. Rdg3 e5 28. dxe5 Qe6 29. Qh4 Rg6 30. Bf1 Rxg3+ 31. hxg3 Qg6 32. Bd3 1-0

[Event "Ruhrgebiet Regionalliga 1314"]
[Site "Ruhrgebiet"]
[Date "2013.10.20"]
[Round "2.6"]
[White "Klaus, Michael"]
[Black "Ricken, Roland"]
[Result "1/2-1/2"]
[WhiteElo "1869"]
[BlackElo "1835"]
[PlyCount "56"]
[EventDate "2013.09.22"]
[EventType "team-tourn"]
[EventRounds "9"]
[EventCountry "GER"]
[SourceTitle "EXT 2024"]
[Source "ChessBase"]
[SourceDate "2023.10.10"]
[SourceVersion "1"]
[SourceVersionDate "2023.10.10"]
[SourceQuality "1"]
[WhiteTeam "Koenigsspringer Hamm"]
[BlackTeam "Buer"]
[WhiteTeamCountry "GER"]
[BlackTeamCountry "GER"]

1. d4 c5 2. c3 Nf6 3. Nf3 e6 4. g3 b6 5. Bg2 Bb7 6. 0-0 Be7 7. Nbd2 0-0 8. Re1 d5 9. Ne5 cxd4 10. cxd4 Nbd7 11. Ndf3 Ne4 12. Nxd7 Qxd7 13. Ne5 Qe8 14. f3 Nd6 15. e3 h5 16. Bd2 h4 17. Rc1 hxg3 18. hxg3 f6 19. Nd3 Nc4 20. Bc3 Qg6 21. b3 Nd6 22. Kf2 Rac8 23. Bh3 Nf5 24. Bxf5 exf5 25. Nf4 Qf7 26. Rh1 Bd6 27. Nd3 Ba6 28. Rh3 Qd7 1/2-1/2

[Event "Ruhrgebiet Regionalliga 1213"]
[Site "Nordrheinwestfalen"]
[Date "2012.09.09"]
[Round "1.7"]
[White "Klaus, Michael"]
[Black "Busche, Klaus"]
[Result "1-0"]
[WhiteElo "1847"]
[BlackElo "2026"]
[PlyCount "85"]
[EventDate "2012.09.09"]
[EventType "team-tourn"]
[EventRounds "9"]
[EventCountry "GER"]
[SourceTitle "EXT 2020"]
[Source "ChessBase"]
[SourceDate "2019.10.17"]
[SourceVersion "1"]
[SourceVersionDate "2019.10.17"]
[SourceQuality "1"]
[WhiteTeam "Koenigsspringer Hamm"]
[BlackTeam "Ahlen SV"]
[WhiteTeamCountry "GER"]
[BlackTeamCountry "GER"]

1. d4 d5 2. Nf3 Nc6 3. Bf4 Bg4 4. Nbd2 e6 5. Ne5 Nxe5 6. Bxe5 Nf6 7. c3 c6 8. Qb3 Qb6 9. e3 Be7 10. Bd3 Qxb3 11. axb3 Bf5 12. Bxf5 exf5 13. f3 Kd7 14. Kf2 Ne8 15. Rhe1 h5 16. h3 Bh4+ 17. Bg3 Bg5 18. c4 h4 19. Bh2 Nf6 20. Be5 b6 21. Nb1 dxc4 22. bxc4 Nh5 23. d5 Bf6 24. Bxf6 Nxf6 25. e4 fxe4 26. fxe4 cxd5 27. cxd5 Rhe8 28. Nd2 b5 29. Ra6 Rec8 30. e5 Rc2 31. Re2 Rxd2 32. Rxd2 Ne4+ 33. Ke2 Nxd2 34. Kxd2 Kc7 35. Rc6+ Kb7 36. Kd3 Rh8 37. Ke4 Rh5 38. Rc2 Rh8 39. d6 Rc8 40. Rxc8 Kxc8 41. Kd5 Kd7 42. Kc5 f6 43. e6+ 1-0

[Event "Ruhrgebiet Regionalliga 0708"]
[Site "Germany"]
[Date "2008.01.27"]
[Round "5.8"]
[White "Klaus, Michael"]
[Black "Soehnchen, Andreas"]
[Result "0-1"]
[WhiteElo "1917"]
[BlackElo "2087"]
[PlyCount "46"]
[EventDate "2007.09.16"]
[EventType "team-tourn"]
[EventRounds "9"]
[EventCountry "GER"]
[SourceTitle "EXT 2009"]
[Source "ChessBase"]
[SourceDate "2008.11.26"]
[SourceVersion "1"]
[SourceVersionDate "2008.11.26"]
[SourceQuality "1"]
[WhiteTeam "Hamm "]
[BlackTeam "Oberhausen"]
[WhiteTeamCountry "GER"]
[BlackTeamCountry "GER"]

1. e4 e6 2. d4 d5 3. exd5 exd5 4. Bd3 c5 5. c3 Nc6 6. Ne2 Qh4 7. 0-0 Bg4 8. dxc5 Bxc5 9. Bf4 Nge7 10. Bg3 Qf6 11. Qa4 Bxe2 12. Bxe2 0-0 13. Bf3 Ne5 14. Bxe5 Qxe5 15. Nd2 b5 16. Qd1 Rad8 17. Re1 Qf6 18. Nb3 Bb6 19. Qe2 Ng6 20. Rad1 Nf4 21. Qxb5 Nh3+ 22. gxh3 Qxf3 23. Qf1 Rd6 0-1

[Event "Ruhrgebiet VL2 0304"]
[Site "Ruhrgebiet"]
[Date "2004.01.11"]
[Round "5.6"]
[White "Salzmann, Juergen"]
[Black "Klaus, Michael"]
[Result "1-0"]
[WhiteElo "1988"]
[BlackElo "1890"]
[PlyCount "98"]
[EventDate "2003.09.28"]
[EventType "team-tourn"]
[EventRounds "9"]
[EventCountry "GER"]
[SourceTitle "EXT 2007"]
[Source "ChessBase"]
[SourceDate "2006.11.23"]
[SourceVersion "1"]
[SourceVersionDate "2006.11.23"]
[SourceQuality "1"]
[WhiteTeam "Mengede SG"]
[BlackTeam "Hamm 45/58"]
[WhiteTeamCountry "GER"]
[BlackTeamCountry "GER"]

1. e4 c5 2. Nf3 Nc6 3. d4 cxd4 4. Nxd4 d6 5. Nc3 Nf6 6. Be2 g6 7. Be3 Bg7 8. h3 0-0 9. 0-0 Nd7 10. Qd2 Nxd4 11. Bxd4 Bxd4 12. Qxd4 Qb6 13. Rfd1 Qxd4 14. Rxd4 Nf6 15. f4 a6 16. a4 Kg7 17. Rad1 e5 18. Rxd6 exf4 19. e5 Ng8 20. Nd5 Re8 21. Nc7 Rxe5 22. Nxa8 Rxe2 23. R6d2 Re7 24. Nb6 Be6 25. Nd5 Bxd5 26. Rxd5 Nf6 27. R5d4 g5 28. c3 Re3 29. Rb4 Re7 30. Rb6 Ne4 31. Re1 f5 32. c4 Rd7 33. b4 f3 34. gxf3 Nd2 35. Rc1 Nxf3+ 36. Kg2 Nh4+ 37. Kf2 Ng6 38. c5 Ne5 39. Rd6 Rc7 40. b5 axb5 41. axb5 g4 42. c6 bxc6 43. bxc6 gxh3 44. Kg3 h2 45. Kxh2 Ng4+ 46. Kg3 Nf6 47. Kf4 Rc8 48. c7 Ne8 49. Rd8 Rxc7 1-0

[Event "Ruhrgebiet VK2 0001"]
[Site "Ruhrgebiet"]
[Date "2001.05.13"]
[Round "9"]
[White "Klaus, Michael"]
[Black "Sanders, Gregor"]
[Result "0-1"]
[WhiteElo "1937"]
[BlackElo "1902"]
[PlyCount "51"]
[EventDate "2000.09.17"]
[EventType "team-tourn"]
[EventRounds "9"]
[EventCountry "GER"]
[SourceTitle "EXT 2023"]
[Source "ChessBase"]
[SourceDate "2022.10.05"]
[SourceVersion "1"]
[SourceVersionDate "2022.10.05"]
[SourceQuality "1"]
[WhiteTeam "Hamm Koenigsspringer"]
[BlackTeam "Bergeborbeck Wacker"]
[WhiteTeamCountry "GER"]
[BlackTeamCountry "GER"]

1. e4 c5 2. Nf3 d6 3. d4 cxd4 4. Nxd4 Nf6 5. Bd3 g6 6. c3 Bg7 7. 0-0 0-0 8. h3 Nbd7 9. Bc2 a6 10. Be3 b5 11. a4 Bb7 12. axb5 axb5 13. Rxa8 Qxa8 14. f3 d5 15. exd5 Nxd5 16. Bf2 Rd8 17. Re1 Ne5 18. Be4 Nf4 19. Bg3 g5 20. Qc2 Bxe4 21. Rxe4 Qa7 22. Kh2 Qd7 23. Bxf4 gxf4 24. Rxf4 Qc7 25. g3 Rxd4 26. Rxf7 0-1

[Event "Ruhrgebiet VK2 0001"]
[Site "Ruhrgebiet"]
[Date "2001.02.18"]
[Round "6"]
[White "Klaus, Michael"]
[Black "Korber, Markus"]
[Result "1/2-1/2"]
[WhiteElo "1937"]
[BlackElo "1853"]
[PlyCount "56"]
[EventDate "2000.09.17"]
[EventType "team-tourn"]
[EventRounds "9"]
[EventCountry "GER"]
[SourceTitle "EXT 2023"]
[Source "ChessBase"]
[SourceDate "2022.10.05"]
[SourceVersion "1"]
[SourceVersionDate "2022.10.05"]
[SourceQuality "1"]
[WhiteTeam "Hamm Koenigsspringer"]
[BlackTeam "Steele/Kray Rochade"]
[WhiteTeamCountry "GER"]
[BlackTeamCountry "GER"]

1. e4 Nc6 2. d4 d5 3. exd5 Qxd5 4. Be3 e5 5. Nc3 Bb4 6. a3 Bxc3+ 7. bxc3 Nf6 8. Nf3 e4 9. Ng1 0-0 10. c4 Qa5+ 11. Qd2 Qxd2+ 12. Kxd2 Ng4 13. h3 Nxe3 14. fxe3 f5 15. g3 b6 16. Ne2 Ba6 17. Nf4 Na5 18. Kc3 Rae8 19. d5 Bc8 20. h4 Nb7 21. Ne2 Nc5 22. Nd4 Rf6 23. Nb5 a6 24. Nd4 h5 25. Be2 g6 26. a4 a5 27. Nb3 Bd7 28. Nxc5 bxc5 1/2-1/2